000 00250nam a22001217a 4500
041 _aENG
100 _aPagdi.S.M
245 _aJeevansetu
260 _aPune
_bContenate Prakashan
_c2000
300 _a532
650 _aMarathi
856 _uMarathi ( 33 )
999 _c2228
_d2228